Регионална библиотека "Любен Каравелов" - Русе

Изкопай два гроба (Запис номер 543149)

MARC детайли
000 -Лидер
Контролно поле с фиксирана дължина 01149nam a2200301 c 4500
003 - Код на организацията, давaща контролен номер
Контролно поле BLK
005 - Дата и час на последна редакция
Контролно поле 20250801102144.0
008 - Елементи от данни с фиксирана дължина
fixed length control field 180411b bul|||||r ||||||| ||bul||
020 ## - Международен стандартен номер на книга ISBN
Международен стандартен номер на книга ISBN 9789544095079
040 ## - Източник на каталожния запис
Идентификатор на билиотеката - собственик на записа BLK
041 ## - Код за език
Код за езика на текст/звукозапис или на отделно заглавие Български
Код за езика КДБФ Български
080 ## - УДК
Текстов определител УДК Американска литература (на САЩ)
УДК код - определител по УДК 821.111(73)
УДК - код + определител 821.111(73)-31
100 1# - Редна дума - Автор
Автор Спилейн, Мики
Авторска отговорност първи автор
Автор - информация (биография) Морис, Франк
R(LIN) 122690
139 ## - Редно поле
Редна дума Спилейн, Мики и др.
Авторски знак Спи - С 57
245 10 - Сведения за заглавието
Заглавие Изкопай два гроба
Редно поле (дума) Мики Спилейн, Макс Алън Колинс; прев. Весела Ангелова
257 ## - Страна на издаване
Страна на създаване/издаване Съединени американски щати
260 ## - Област на издателските данни
Име на издателя, разпространителя и проч. Плеяда
Година на издаване 2025
9 (RLIN) 209469
Място на издаване, разпространение и проч. София
Издателство - префикс ISBN 978-954-409-
300 ## - Физическа характеристика
Страници 208 с.
Размери/Мащаб 21 см
380 ## - Жанр
Жанр Худож. лит.
490 ## - СЕРИИ (Колекции)
9 (RLIN) 201250
Име на серия Световен трилър
700 1# - Други автори (авторска отговорност)
Лично име Колинс, Макс Алън
Автороска отговорност (Описва отношението между автора и произведението) съавт.
9 (RLIN) 374070
700 ## - Други автори (авторска отговорност)
Лично име Ангелова, Весела Иванова
Автороска отговорност (Описва отношението между автора и произведението) прев.
9 (RLIN) 380664
856 4# - Електронен адрес и достъп
Електронен формат pdf - файл
856 4# - Електронен адрес и достъп
Електронен формат pdf - файл
942 ## - АРТИКУЛИ
Вид на библиотечния материал Книги
Скрит в OPAC Не
Koha issues (borrowed), all copies 4
944 ## - СЪЗДАВАНЕ И РЕДАКЦИЯ на ЗАПИСА
Дата на регистрацията/редакция Нора Радева
Служител, извършил регистрацията/редакцията 30531
Статус, дата на статуса Цветелина Шанова
999 ## - СИСТЕМНИ КОНТРОЛНИ НОМЕРА
Koha biblionumber 543149
Koha biblioitemnumber 543149
999 ## - СИСТЕМНИ КОНТРОЛНИ НОМЕРА
Koha biblioitemnumber 543149
Наличности
Код за отписване Код за изгубен артикул Източник на класификационната схема Код за повреда Код за отдаване Артикулен № Име на библиотеката - собственик Име на библиотеката, в която се намира в момента Статус (Текущо местоположение) Дата на вписване в системата Местоположение - отдел Цена в лева Инвентарен номер Систематично азбучна сигнатура Баркод Цена в евро Служебен тип на артикула
  Не е изгубен Universal Decimal Classification Не е повреден заемане за дома 979219 Регионална библиотека "Любен Каравелов" Русе Регионална библиотека "Любен Каравелов" Русе Заемна - подръчен фонд 2025-07-07 Заемна - подръчен фонд 15.40 120000920860 821-31/С 57 М 120000920860 7.87 Книги
  Не е изгубен Universal Decimal Classification Не е повреден заемане за дома 979220 Регионална библиотека "Любен Каравелов" Русе Регионална библиотека "Любен Каравелов" Русе Заемна - подръчен фонд 2025-07-07 Заемна - подръчен фонд 15.40 120000920859 821-31/С 57 М 120000920859 7.87 Книги
Vip Innovations Ltd, Rousse, Bulgaria 2025